Knowledge Management Systems Design Innovation and Strategy

Gespeichert in:
Bibliographische Detailangaben
1. Verfasser: Husain, Shabahat
Weitere Verfasser: Ermine, Jean-Louis
Format: Buch
Sprache:Englisch
Veröffentlicht: New York Routledge 2025
Ausgabe:1st Edition
Schlagworte:
Tags: Tag hinzufügen
Keine Tags, Fügen Sie das erste Tag hinzu!

MARC

LEADER 00000nam a2200000 4500
001 0312630
005 20251028152156.5
020 |a 9781003545569 
041 0 |a eng 
044 |a US 
245 1 0 |a Knowledge Management Systems Design  |b Innovation and Strategy  |c Shabahat Husain and Jean-Louis Ermine 
250 |a 1st Edition 
264 1 |a New York  |b Routledge  |c 2025 
300 |a 226 s. 
500 |a Taylor and Francis e-books. 
610 2 0 |a manažment znalostný 
610 2 0 |a systémy riadenia 
610 2 0 |a inteligencia umelá 
100 1 |a Husain, Shabahat 
700 1 |a Ermine, Jean-Louis